000 00708nam a22002537a 4500
003 CHAP
005 20220329140357.0
008 971013s1959 r 00010 d
010 _a51111
011 _a52083
035 _a56233
040 _cCHAP
082 _a632
_bW35Y
100 0 0 _aWalker, John Charles.
_9120877
245 _aEnfermedades de las hortalizas
260 _aBarcelona :
_bSalvat,
_c1959
300 _a624 p.
_b: ilus.
590 _aBATCH-UPD
_b10
_c20130110
_lUCH01
_h1933
590 _aCONVERSION
_b10
_c20130109
_lUCH01
_h1328
650 1 4 _aLegumbres
_xEnfermedades.
_965709
901 _aBK
942 _cLIBRO
949 _a632 W35Y
_bBC
_cLIBRO
_d-122932
_eLIBRO
_h22466
_i56233
_si
_t210.00
999 _c51111
_d51111